000 00985nam a22002537a 4500
999 _c64951
_d64951
005 20240530110759.0
008 190117s2017 ua ah f b 000 0dara d
017 _a2017/22442
_bمصر. دار الكتب
020 _a9789779114880
040 _aEG-CaGPL
_cEG-CaGPL
082 0 4 _221
_a780.28 /
_bهـ م
100 0 _aهشام عنين
245 1 2 _aالميكروفون والموسيقى :
_bالتوازنات الصوتية وعلاقتها بالالات الموسيقية /
_cهشام عنين
250 _aط.1
260 _aالقاهرة :
_bالهيئة المصرية العامة للكتاب،
_c2017.
300 _a191 ص. :
_bايض ؛
_c24 سم.
504 _aيشتمل على ارجاعات ببليوجرافية
650 0 7 _2qrmak
_aالموسيقى
_xايقاع
650 0 7 _2qrmak
_aالالات الموسيقية
650 0 7 _2qrmak
_aالات الايقاع
651 _2qrmak
942 _2ddc
_cBK